000 01197nam2a22002171 4500
001 rc\1101321
005 20250622192026.0
035 _a(NLR Aleph) 006377559
090 _a5054360
_c5054360
100 _a20041126d1984 |||y0rusy50 ca
101 0 _arus
102 _aRU
105 _ay |||||||||
200 0 _aТ. 1
215 _a272 с.
461 0 _1001rc\1101320
_12001#$aНумерационный указатель заявок и патентов ФРГ за 1983 г.$eСо ссылкой на реф. изд. "Изобретения в СССР и за рубежом"$e[В 2 т.]$fГос. ком. СССР по делам изобрет. и открытий, ВНИИ пат. информ.$vТ. 1
_95054355
_cМ.
_d1984
_fГос. ком. СССР по делам изобрет. и открытий, ВНИИ пат. информ.
_nВНИИПИ
_oСо ссылкой на реф. изд. "Изобретения в СССР и за рубежом" : [В 2 т.]
_tНумерационный указатель заявок и патентов ФРГ за 1983 г.
_vТ. 1
801 0 _aRU
_bNLR
_gpsbo
801 1 _aRU
_bELAR
_2rusmarc
852 _aNLR
_bПт
_j10.22/307
942 _cBOOK
980 _aNB